| 000 | 00392nam a22001697a 4500 | ||
|---|---|---|---|
| 005 | 20251108175002.0 | ||
| 008 | 250721s1984 xx 000 0 eng d | ||
| 082 | 1 | 4 | _a912/WIL |
| 100 | 1 | _aWILSON B.A, JOHN G | |
| 245 | 1 | 0 | _aLANGUAGE OF MAPS / |
| 264 |
_bTWELFTH IMPRESSION, _c1984. |
||
| 300 | _a53P. | ||
| 650 | 1 | 7 | _aMAPS |
| 650 | 1 | 7 | _aAOAD MAPS |
| 942 |
_2ddc _cBK |
||
| 999 |
_c123218 _d123218 |
||